000 00750nab a22002417a 4500
001 22464
003 HDC
007 cr bn ---aaaaa
008 210128c20180413my ||||| |||| 00| 0 eng d
040 _aHDC
100 _aMushtak Parker,
_eauthor
_97670
245 4 _aThe stakes are high /
_cMushtak Parker
336 _atext
_2rdacontent
337 _acomputer
_2rdamedia
338 _aonline resource
_2rdacarrier
650 _aEconomy
_91877
650 _aHalal industry
_9144
710 _aNew Straits Times
856 _zRequest full-text at [email protected]
942 _2lcc
942 _cNEWS
942 _kNWSC 006597
999 _c19780
_d19780